The Gilded Rooster /

Bibliographic Details
Main Author: Roberts, Richard Emery, 1903-
Format: Book
Language:English
Published: New York : G.P. Putnam's sons, [1947]

MARC

Tag First Indicator Second Indicator Subfields
LEADER 00000cam a2200000 4500
001 in00000031510
005 20151007061714.0
008 751105s1947 nyu 00011 eng
010 |a  47003529  
035 |a (OCoLC)01807058 
035 |9 AAD2827AM 
040 |a DLC  |c JPL  |d OCL  |d TXA  |d UtOrBLW 
049 |a TXAM  |c [144464] 
050 0 0 |a PZ3.R54394  |b Gi 
090 |a PS3535.O17925  |b G44 1947 
092 |a 813  |b R647g 
100 1 |a Roberts, Richard Emery,  |d 1903- 
245 1 4 |a The Gilded Rooster /  |c by Richard Emery Roberts. 
264 1 |a New York :  |b G.P. Putnam's sons,  |c [1947] 
264 4 |c ©1947 
300 |a 4 pages ., 3-249 pages ;  |c 21 cm. 
336 |a text  |b txt  |2 rdacontent 
337 |a unmediated  |b n  |2 rdamedia 
338 |a volume  |b nc  |2 rdacarrier 
999 |a MARS 
999 f f |s ca945eff-bec0-3b31-976d-32ba9a68e49f  |i b894ee6d-d365-3b5b-a157-c41d3bc0044c  |t 0 
952 f f |p ric  |a Texas A&M University  |b Rellis Campus  |c Joint Library Facility  |d Remote Storage  |t 0  |e PS3535.O17925 G44 1947  |h Library of Congress classification  |i unmediated -- volume  |m A14801249109 
998 f f |a PS3535.O17925 G44 1947  |t 0  |l Remote Storage